<?xml version="1.0" encoding="UTF-8"?>
<record
    xmlns:xsi="http://www.w3.org/2001/XMLSchema-instance"
    xsi:schemaLocation="http://www.loc.gov/MARC21/slim http://www.loc.gov/standards/marcxml/schema/MARC21slim.xsd"
    xmlns="http://www.loc.gov/MARC21/slim">

  <leader>02306nam a2200205 a 4500</leader>
  <controlfield tag="008">190917t2006    ag  |||g |||| 001 0 spa d</controlfield>
  <datafield tag="020" ind1=" " ind2=" ">
    <subfield code="a">9500727196</subfield>
  </datafield>
  <datafield tag="041" ind1=" " ind2=" ">
    <subfield code="a">spa</subfield>
  </datafield>
  <datafield tag="092" ind1=" " ind2=" ">
    <subfield code="c">808</subfield>
    <subfield code="l">24</subfield>
    <subfield code="s">FER</subfield>
  </datafield>
  <datafield tag="100" ind1="1" ind2=" ">
    <subfield code="a">Fern&#xE1;ndez D&#xED;az, Jorge</subfield>
    <subfield code="9">3466</subfield>
  </datafield>
  <datafield tag="245" ind1=" " ind2=" ">
    <subfield code="a">Fern&#xE1;ndez.</subfield>
    <subfield code="b">Novela /</subfield>
    <subfield code="c">Jorge Fern&#xE1;ndez D&#xED;az</subfield>
  </datafield>
  <datafield tag="250" ind1=" " ind2=" ">
    <subfield code="a">1a ed.</subfield>
  </datafield>
  <datafield tag="260" ind1=" " ind2=" ">
    <subfield code="a">Buenos Aires:</subfield>
    <subfield code="b">Sudamericana;</subfield>
    <subfield code="c">2006.</subfield>
  </datafield>
  <datafield tag="300" ind1=" " ind2=" ">
    <subfield code="a">256 p.</subfield>
    <subfield code="c">23x15 cm.</subfield>
  </datafield>
  <datafield tag="500" ind1=" " ind2=" ">
    <subfield code="a">Fern&#xE1;ndez D&#xED;az, J. (2006) Fern&#xE1;ndez. Novela. (1a ed.). Buenos Aires : Sudamericana.</subfield>
  </datafield>
  <datafield tag="505" ind1=" " ind2=" ">
    <subfield code="a">Fern&#xE1;ndez, un hombre en la llamada "crisis de la mitad de la vida", se encuentra en la sala del dentista con su novia del secundario. Ambos tienen cerca de cuarenta a&#xF1;os y  no se ven desde entonces: ella est&#xE1; radiante y toda operada, &#xE9;l est&#xE1; castigado por cien batallas de la vida. Una corriente de seducci&#xF3;n los atrapa y los conduce por las calles de Palermo, en un d&#xED;a que quiz&#xE1; cambien para siempre su destino. &#xC9;l sue&#xF1;a con una segunda oportunidad, con empezar todo de nuevo, y revisa sus peque&#xF1;as e inquietantes desventuras pregunt&#xE1;ndose cu&#xE1;ndo, d&#xF3;nde y por qu&#xE9; perdi&#xF3; el rumbo. Ella le cuenta los incre&#xED;bles cambios que la llevaron primero de adolescente virginal a millonaria extravagante, y luego a esta c&#xF3;mica mujer desesperada en busca de un hombre. Tanto &#xE9;l y ella, como los amigos en com&#xFA;n que reaparecen durante el encuentro, son hijos y nietos de inmigrantes. Alguna vez fueron alegres muchachos de barrio pero despu&#xE9;s se transformaron en una tribu urbana que carece de Dios , de ideales y de sentido. Fern&#xE1;ndez, continuidad y ruptura de Mam&#xE1;, es una novela apasionante, plena de relatos en lo que se reconocer&#xE1;n muchos lectores, y tambi&#xE9;n una cr&#xF3;nica reveladora sobre una &#xE9;poca fundamental de la historia argentina reciente. Un texto escrito con madurez, humor y ternura, sobre la crisis de los cuarenta de una generaci&#xF3;n (los ochentistas) que no comparte el idealismo de los a&#xF1;os setenta pero tampoco la frivolidad de los noventa. Una generaci&#xF3;n que sufre la tentadora enfermedad de no creer en nada. Fern&#xE1;ndez es, finalmente, la epopeya personal de un hombre com&#xFA;n. Un hombre que no quiere resignarse. </subfield>
  </datafield>
  <datafield tag="590" ind1=" " ind2=" ">
    <subfield code="a"> Proyecto 4to libro, Donaci&#xF3;n Maria Vitarelli, Diciembre 2017</subfield>
  </datafield>
  <datafield tag="655" ind1=" " ind2=" ">
    <subfield code="a">Literatura</subfield>
    <subfield code="9">2917</subfield>
  </datafield>
  <datafield tag="942" ind1=" " ind2=" ">
    <subfield code="2">ddc</subfield>
    <subfield code="c">LIT</subfield>
  </datafield>
  <datafield tag="999" ind1=" " ind2=" ">
    <subfield code="c">2617</subfield>
    <subfield code="d">2617</subfield>
  </datafield>
  <datafield tag="952" ind1=" " ind2=" ">
    <subfield code="0">0</subfield>
    <subfield code="1">0</subfield>
    <subfield code="2">ddc</subfield>
    <subfield code="4">0</subfield>
    <subfield code="7">0</subfield>
    <subfield code="a">BFM</subfield>
    <subfield code="b">BFM</subfield>
    <subfield code="c">CR</subfield>
    <subfield code="d">2017-12-27</subfield>
    <subfield code="e">Donaci&#xF3;n Maria Vitarelli, Diciembre 2017</subfield>
    <subfield code="l">0</subfield>
    <subfield code="o">808 24 FER</subfield>
    <subfield code="p">4123</subfield>
    <subfield code="r">2017-12-27</subfield>
    <subfield code="t">Ej. 1</subfield>
    <subfield code="w">2017-12-27</subfield>
    <subfield code="y">LIT</subfield>
    <subfield code="z">Proyecto 4to libro. Donaci&#xF3;n Maria Vitarelli, Diciembre 2017</subfield>
  </datafield>
</record>
